ბათუმის შოთა რუსთაველის სახელმწიფო უნივერსიტეტის ბიბლიოთეკა

Неравенства. (ბიბ.ჩანაწერი № 39101)

000 -LEADER
fixed length control field 00529nam a2200217Ia 4500
001 - CONTROL NUMBER
control field 5675
003 - CONTROL NUMBER IDENTIFIER
control field GE_BSU
008 - FIXED-LENGTH DATA ELEMENTS--GENERAL INFORMATION
fixed length control field 181216s||||||||xx |||||||||||||| ||und||
040 ## - CATALOGING SOURCE
Transcribing agency GE_BSU
080 ## - UNIVERSAL DECIMAL CLASSIFICATION NUMBER
Universal Decimal Classification number 512.13
100 ## - MAIN ENTRY--PERSONAL NAME
Personal name Коровкин П.П .
245 ## - TITLE STATEMENT
Title Неравенства.
245 ## - TITLE STATEMENT
Remainder of title Изд. 4-ОЕ, перер.
245 ## - TITLE STATEMENT
Statement of responsibility, etc. Ред. Ф. И. Кизнер.
260 ## - PUBLICATION, DISTRIBUTION, ETC.
Place of publication, distribution, etc. Москва
260 ## - PUBLICATION, DISTRIBUTION, ETC.
Name of publisher, distributor, etc. Наука
260 ## - PUBLICATION, DISTRIBUTION, ETC.
Date of publication, distribution, etc. 1974
300 ## - PHYSICAL DESCRIPTION
Extent 70 с. 20 см.
653 ## - INDEX TERM--UNCONTROLLED
Uncontrolled term Неравенства.
942 ## - ADDED ENTRY ELEMENTS (KOHA)
Koha item type წიგნი
ეგზემპლარები
Withdrawn status Lost status Damaged status Not for loan Date acquired Barcode Date last seen Price effective from Koha item type Public note
        2018-12-17 16164 2018-12-17 2018-12-17 წიგნი დარბაზი